| 000 | nam a22 a 4500 | ||
|---|---|---|---|
| 999 |
_c734 _d734 |
||
| 005 | 20170505090142.0 | ||
| 008 | 170505b1956 si ||||| |||| 00| 0 eng d | ||
| 040 | _aAKMAL | ||
| 082 | _a294.3 MCD | ||
| 090 |
_a294.3 _bMCD |
||
| 100 | 1 |
_aMacDougall, Colin _91574 |
|
| 245 | 1 | 0 | _aBuddhism in Malaya. [With plates.] |
| 260 |
_aSingapore : _bStraits Times Press, _c1956 |
||
| 300 |
_a61 p. ; _c8ยบ |
||
| 504 | _aBibliography: p. 60-61 | ||
| 650 | 0 |
_aBuddhism _zMalaysia _zMalaya _91575 |
|
| 942 |
_2ddc _cBOOK |
||